000 00341nam a2200133Ia 4500
999 _c10870
_d10870
008 191201s2003 xx 000 0 und d
100 _aHURLOCK, Elizabeth
245 0 _aPersonality Development
250 _a44th
260 _aNew Delhi
_bMc Graw Hill
_c2017
300 _a503
650 _aBachelor of Mass Communication
942 _2ddc
_cBK